000 01045nam a22003257a 4500
003 CHAP
005 20220329141635.0
008 971013s1990 r 00010 d
010 _a71485
011 _a72457
035 _a82012
040 _cCHAP
082 _a633.31
_bG7 1990
100 0 0 _aStuteville, Donald L.
_eed.
_9110112
245 _aCompendium of alfalfa diseases
250 _a2 ed.
260 _aSt. Paul, Minn. :
_bThe American Phytopathological Society,
_c1990
300 _a84 p.
_b: ilus.
490 _aDisease compendium series
500 _aEn la 1 ed. aparece como editor Graham, Joseph H.
590 _aBATCH-UPD
_b10
_c20130110
_lUCH01
_h0413
590 _aBATCH-UPD
_b10
_c20130110
_lUCH01
_h2131
590 _aCONVERSION
_b10
_c20130109
_lUCH01
_h1339
650 1 4 _aAlfalfa
_xEnfermedades.
_93863
700 0 _aErwin, Donald C.
_eed.
_937353
830 0 _aDisease compendium series
_932720
901 _aBK
942 _cLIBRO
949 _a633.31 G7 1990
_bBC
_cC
_d33724000654190
_eC
_gI.172820
_h85253
_i82012
_si
_t113.48
999 _c71485
_d71485